1205 1971 1210 1178 1121 1588 1380 1462 1226 1551 1676 1378 1801 1840 1564 1644 1379 1307 1851 1564 1170 1976 1437 1463 1548 1387 1768 1943 1439 1253 1441 1773 1511 1410 1565 1333 1126 1286 1746 1227 1763 1518 1380 1099 1243 1823 1249 1505 1675 1121 1889 1975 1764 1579 1009 1804 1421 1303 1783 1621 1755 1711 1038 1764 1130 1953 1340 1034 1189 1614 1420 1972 1741 1642 1677 1550 1705 1435 1476 1457 1083 1625 1338 1528 1272 1726 1560 1533 1972 1825 1436 1080 1635 1886 1714 1717 1752 1220 1000 BCNSPRNW ULIB Ver.6.0+V

เปลี่ยนเป็นภาษาไทย

Change to English
 แสดงรายละเอียดบรรณานุกรม
  กลับหน้าหลัก

Brief Record : Get Marc (ISO 2709) : E-mail record : QR code < ปิดหน้าต่าง
LEADER : 00000nam 2200000uu 4500
001    13399113949
003     ULIB
008    120118s2554||||th 000 0 tha d
020    ^a9786167539003
050  4 ^aBQ4570 ^bว433ค
100 0  ^aวุฒิชัย วชิรเมธี,^cพระมหา
245 10 ^aคมคำธรรมออนไลน์ = Online dhamma wisdom /^cว.วชิรเมธี
246 31 ^aOnline dhamma wisdom
250    ^aพิมพ์ครั้งที่ 2
260    ^aกรุงเทพฯ :^bปราณ,^c2554
300    ^a171 หน้า :^bภาพประกอบ
500    ^aพิมพ์ครั้งที่ 2, 3 ปี พ.ศ. เดียวกัน
650  7 ^aธรรมะกับชีวิตประจำวัน
650  7 ^aการดำเนินชีวิต
945    ^p99^l0^i18663
995    ^aกัณชพร
999    ^aใช้งานได้ทุกระบบ
รายการนี้ยังไม่มีแท็ก
คุณยังไม่ได้ล็อกอิน คุณสามารถมีกิจกรรมร่วมกับเว็บไซต์ได้ แต่ต้องล็อกอินก่อน ::
  ล็อกอิน

รายการสื่อสารสนเทศ

ลำดับที่ ประเภท เลขเรียก/บาร์โค้ด สถานที่ สถานะ
- ไม่พบข้อมูล -

รายการใกล้เคียง
    หัวเรื่อง [ธรรมะกับชีวิตประจำวัน]
    หัวเรื่อง [การดำเนินชีวิต]

BibComment


ยังไม่เคยถูกคอมเมนท์

คอมเมนท์ทรัพยากรรายการนี้
  คอมเมนท์: คมคำธรรมออนไลน์ ..


 Copyright 2026. Bcnsprnw @Library